हिंदी के गतिमान क्षितिज / (Record no. 119580)

MARC details
000 -LEADER
fixed length control field 01181nam a22002657a 4500
005 - DATE AND TIME OF LATEST TRANSACTION
control field 20170124103144.0
010 ## - LIBRARY OF CONGRESS CONTROL NUMBER
LC control number A-890921
020 ## - INTERNATIONAL STANDARD BOOK NUMBER
Terms of availability 200.00
International Standard Book Number 8185727430
035 ## - SYSTEM CONTROL NUMBER
System control number A-890921
037 ## - SOURCE OF ACQUISITION
Source of stock number/acquisition Cen Lib/Ret
040 ## - CATALOGING SOURCE
Original cataloging agency DPL
Language of cataloging HN
082 ## - DEWEY DECIMAL CLASSIFICATION NUMBER
Classification number 651.7
Item number जोगेन्द्र
100 ## - MAIN ENTRY--PERSONAL NAME
Personal name जोगेन्द्र सिंह
9 (RLIN) 85670
245 ## - TITLE STATEMENT
Title हिंदी के गतिमान क्षितिज /
Statement of responsibility, etc जोगेन्द्र सिंह
246 ## - VARYING FORM OF TITLE
Title proper/short title Hindi ke gatiman kshitij /
Remainder of title by Jogednra Singh
260 ## - PUBLICATION, DISTRIBUTION, ETC. (IMPRINT)
Place of publication, distribution, etc नयी दिल्ली
Name of publisher, distributor, etc तक्षशिला प्रकाशन
Date of publication, distribution, etc 1997
270 ## - ADDRESS
City नयी दिल्ली
Address 23/4762, अंसारी रोड, दरियागंज
Postal code 110002
300 ## - PHYSICAL DESCRIPTION
Extent 207पृ.
Dimensions 19सेमी(सजिल्द )
500 ## - GENERAL NOTE
General note सन्दर्भ सूची शमिल
650 ## - SUBJECT ADDED ENTRY--TOPICAL TERM
Topical term or geographic name as entry element जनभाषा हिंदी
General subdivision
Geographic subdivision
9 (RLIN) 85671
650 ## - SUBJECT ADDED ENTRY--TOPICAL TERM
Topical term or geographic name as entry element कंप्यूटर और राजभाषा
9 (RLIN) 1440
650 ## - SUBJECT ADDED ENTRY--TOPICAL TERM
Topical term or geographic name as entry element Vernacular Hindi
9 (RLIN) 85672
650 ## - SUBJECT ADDED ENTRY--TOPICAL TERM
Topical term or geographic name as entry element Computer and OL
9 (RLIN) 85673
942 ## - ADDED ENTRY ELEMENTS (KOHA)
Source of classification or shelving scheme Dewey Decimal Classification
Koha item type Hindi Books
Classification part 651.7
Call number suffix जोगेन्द्र
Holdings
Withdrawn status Lost status Damaged status Not for loan Home library Current library Date acquired Source of acquisition Cost, normal purchase price Total Checkouts Full call number Barcode Date last seen Copy number Cost, replacement price Price effective from Koha item type
        Central Library Central Library 17/09/2015 Cen Lib/Ref 200.00   651.7 जोगेन्द्र A-890921 17/09/2015 1 200.00 17/09/2015 Hindi Books

© Delhi Public Library
Hit Counter
free hit counter